Cvetelin Cvetanov
| Main Author: | |
|---|---|
| Format: | Book |
| Language: | Slovak English German French Italian Japanese |
| PhysicalDescription: | 88 s. ilustr. 21 cm |
| Published: |
Bratislava
Krakora design
2004
|
| ISBN: | 8096909126 |
| Edition: | [1. vyd.] |
| Subjects: |
MARC
| LEADER | 00000nam a22000005a 4500 | ||
|---|---|---|---|
| 001 | vtls008158931 | ||
| 003 | SK-MaSNL | ||
| 005 | 20260409152435.0 | ||
| 007 | ta | ||
| 008 | 050608s2004 xo a grc 000 0bslo | ||
| 015 | |a SNBE2011/01-00389 | ||
| 020 | |a 8096909126 |q (brož.) | ||
| 040 | |a SNK |b slo |c SNK |e AACR2 | ||
| 041 | 0 | |a slo |a eng |a ger |a fre |a ita |a jpn | |
| 043 | |a e-xo--- | ||
| 044 | |a xo |c SK | ||
| 072 | 7 | |a 7.01/.09 |x Umenie |2 konspekt | |
| 080 | |a (437.6) |2 2001 | ||
| 080 | |a (083.81) |2 2001 | ||
| 080 | |a 7.037.5 |2 2001 | ||
| 080 | |a 75 |2 2001 | ||
| 100 | 1 | |a Cvetanov, Cvetelin, |d 1935- |4 art |9 610039 | |
| 245 | 1 | 0 | |a Cvetelin Cvetanov |c [text Bohumír Bachratý] |
| 250 | |a [1. vyd.] | ||
| 260 | |a Bratislava |b Krakora design |c 2004 | ||
| 300 | |a 88 s. |b ilustr. |c 21 cm | ||
| 504 | |a Biogr. údaje | ||
| 600 | 1 | 7 | |a Cvetanov, Cvetelin, |d 1935- |2 SNKMA |9 610039 |
| 648 | 7 | |a 20.-21. stor. |2 SNKPH |9 270701 | |
| 650 | 0 | 7 | |a výtvarné umenie |2 SNKPH |9 723 |
| 650 | 0 | 7 | |a surrealizmus (umenie) |2 SNKPH |9 68884 |
| 655 | 7 | |a katalógy |2 SNKPH |9 60821 | |
| 700 | 1 | |a Bachratý, Bohumír, |d 1942-2024 |4 aut |9 86308 | |
| 919 | |a 80-969091-2-6 | ||
| 958 | |a JP | ||
| 999 | |c 936336 |d 938266 | ||
| 952 | |a SNK |b SNK |y PREZ |7 0 |p 17A0472391 |o snkOSB 14343 |i snk2005/9817 |8 0 |0 0 |1 0 |4 0 |d 2005-06-08 |l 0 |r 2026-02-24 09:03:53 |w 2026-02-24 | ||
| 952 | |a SNK |b SNK |y VYP |7 0 |p 17A0472392 |o snkOSB 14343 D1 |i snk2005/9818 |8 0 |0 0 |1 0 |4 0 |d 2005-06-08 |l 0 |r 2026-02-24 09:03:53 |w 2026-02-24 | ||


